[Event "CAN-op (Pinnacle 48th CAN Op Ch)"]
[Site "Toronto CAN"]
[Date "2011.07.12"]
[Round "4"]
[White "Peev, Pavel"]
[Black "Le, Ken"]
[Result "1-0"]
[WhiteElo "2083"]
[BlackElo "1660"]
[PlyCount "92"]
[GameId "2160767909707184"]
[EventDate "2011.07.09"]
[EventType "swiss"]
[EventRounds "9"]
[EventCountry "CAN"]
[SourceTitle "hb 2011"]

1. e4 c5 2. Nf3 Nc6 3. d4 cxd4 4. Nxd4 e5 5. Nb5 d6 6. N1c3 a6 7. Na3 Nf6 8. Bg5 h6 9. Bxf6 Qxf6 10. Nd5 Qd8 11. Nc4 Be6 12. Nce3 Rc8 13. Bc4 b5 14. Bb3 Nd4 15. c3 Nxb3 16. axb3 a5 17. Qd3 Bd7 18. O-O Be7 19. Nxe7 Kxe7 20. Rfd1 Rc6 21. Qxb5 Rxc3 22. Qb7 Qc8 23. Qa7 Rxb3 24. Nf5+ Kf8 25. Nxd6 Qc6 26. Nxf7 Rb7 27. Qa8+ Kxf7 28. Qxh8 Qxe4 29. Qa8 Bc6 30. f3 Qe3+ 31. Kh1 Qf2 32. Rf1 Qxb2 33. Qxa5 h5 34. Qc5 Rb6 35. Rae1 Qd4 36. Qxe5 Qxe5 37. Rxe5 h4 38. Rh5 Rb4 39. f4 Rb2 40. Rg1 g5 41. fxg5 Rb5 42. Rh7+ Kg8 43. Rc7 Rc5 44. Ra1 Rc2 45. Ra8+ Bxa8 46. Rxc2 h3 1-0

[Event "CAN-op (Pinnacle 48th CAN Op Ch)"]
[Site "Toronto CAN"]
[Date "2011.07.12"]
[Round "4"]
[White "Peng, Jackie"]
[Black "Loadman, Ian"]
[Result "0-1"]
[WhiteElo "1991"]
[BlackElo "2218"]
[PlyCount "74"]
[GameId "2160767909707185"]
[EventDate "2011.07.09"]
[EventType "swiss"]
[EventRounds "9"]
[EventCountry "CAN"]
[SourceTitle "hb 2011"]

1. e4 e5 2. Nf3 Nc6 3. Bc4 Nf6 4. Qe2 Be7 5. c3 O-O 6. d3 d6 7. Nbd2 Bd7 8. Bb3 Na5 9. Bc2 c5 10. h3 Ne8 11. g4 Nc7 12. Nf1 Ne6 13. Ng3 Re8 14. Nf5 Bf8 15. h4 Nc6 16. Ng5 Bc8 17. Qf3 Qc7 18. h5 Ncd8 19. h6 g6 20. Ng7 Re7 21. Nh5 gxh5 22. Nxe6 Rxe6 23. gxh5 Bxh6 24. Rg1+ Kf8 25. Bxh6+ Rxh6 26. Qg3 Ne6 27. Bb3 Ke7 28. Qg8 Rb8 29. Rg7 Rf6 30. Rxh7 Bd7 31. Qg3 Qd8 32. Bxe6 Bxe6 33. Qg5 Qg8 34. Rg7 Qh8 35. Ke2 Qh6 36. Qg2 Qxh5+ 37. Ke3 Rh8 0-1

[Event "CAN-op (Pinnacle 48th CAN Op Ch)"]
[Site "Toronto CAN"]
[Date "2011.07.12"]
[Round "4"]
[White "Pieri, Enzo"]
[Black "Rachar, Sean"]
[Result "0-1"]
[WhiteElo "1734"]
[BlackElo "1980"]
[PlyCount "40"]
[GameId "2160767909707187"]
[EventDate "2011.07.09"]
[EventType "swiss"]
[EventRounds "9"]
[EventCountry "CAN"]
[SourceTitle "hb 2011"]

1. d4 Nf6 2. Nf3 d5 3. Bg5 Bf5 4. Nc3 e6 5. a3 Nbd7 6. Ne5 Nxe5 7. dxe5 h6 8. Bxf6 gxf6 9. exf6 Qxf6 10. e3 O-O-O 11. Qd2 d4 12. Nb5 a6 13. Qa5 axb5 14. Qa8+ Kd7 15. Qxb7 Bd6 16. Bxb5+ Ke7 17. e4 Rb8 18. Qc6 Bxe4 19. Qxe4 Rxb5 20. b4 Re5 0-1

[Event "CAN-op (Pinnacle 48th CAN Op Ch)"]
[Site "Toronto CAN"]
[Date "2011.07.12"]
[Round "4"]
[White "Pitre, Ron"]
[Black "Lin, Tony (Juntao)"]
[Result "1-0"]
[WhiteElo "2190"]
[BlackElo "2023"]
[PlyCount "89"]
[GameId "2160767909707188"]
[EventDate "2011.07.09"]
[EventType "swiss"]
[EventRounds "9"]
[EventCountry "CAN"]
[SourceTitle "hb 2011"]

1. e4 c5 2. b3 e6 3. Bb2 Nc6 4. Nc3 d5 5. Bb5 Nf6 6. Bxc6+ bxc6 7. d3 Qc7 8. Nf3 Be7 9. O-O Ba6 10. Re1 h6 11. e5 Nd7 12. Ne2 g5 13. h3 O-O-O 14. Ng3 h5 15. Nh2 h4 16. Ngf1 Nf8 17. Ng4 Ng6 18. Qf3 Rdf8 19. Bc1 Kb8 20. Bd2 Qd8 21. Rab1 Ka8 22. Nfh2 Bc8 23. b4 cxb4 24. Bxb4 Bxb4 25. Rxb4 Qc7 26. Qe3 Nf4 27. Qc5 Ba6 28. Nf3 Bxd3 29. Rxf4 gxf4 30. cxd3 Qb6 31. Qc1 Qa6 32. d4 Rc8 33. Qxf4 Rc7 34. Qf6 Rhc8 35. Qxh4 Qxa2 36. Qf6 Rg8 37. Nh6 Rg6 38. Qf4 Rg7 39. h4 Qa3 40. Ng5 Qe7 41. Ng4 c5 42. Nf6 Qf8 43. dxc5 Rxc5 44. Nd7 Rc4 45. Qxc4 1-0

[Event "CAN-op (Pinnacle 48th CAN Op Ch)"]
[Site "Toronto CAN"]
[Date "2011.07.12"]
[Round "4"]
[White "Plotkin, Victor"]
[Black "Kong, Dezheng"]
[Result "1-0"]
[WhiteElo "2411"]
[BlackElo "2120"]
[PlyCount "121"]
[GameId "2160767909707189"]
[EventDate "2011.07.09"]
[EventType "swiss"]
[EventRounds "9"]
[EventCountry "CAN"]
[SourceTitle "hb 2011"]

1. e4 c5 2. c3 e5 3. Nf3 Nc6 4. d4 cxd4 5. cxd4 exd4 6. Nxd4 Nf6 7. Nxc6 dxc6 8. Qxd8+ Kxd8 9. Nc3 Bb4 10. Bg5 h6 11. Bd2 Be6 12. f3 Nd7 13. O-O-O f6 14. Kb1 a5 15. Bf4 Ke7 16. Ne2 Ne5 17. Nd4 Rhd8 18. Be2 g5 19. Nxe6 Kxe6 20. Be3 Ng6 21. g3 b5 22. f4 Ke7 23. Bf3 Rxd1+ 24. Rxd1 Rd8 25. Rxd8 Kxd8 26. Bh5 Nf8 27. e5 fxe5 28. fxg5 hxg5 29. Bxg5+ Be7 30. Be3 Kc7 31. Kc2 Nd7 32. h4 Nc5 33. Bg6 Ne6 34. h5 c5 35. h6 c4 36. g4 Nf4 37. Bf7 Bf6 38. a4 bxa4 39. Bxc4 Bg5 40. h7 Bf6 41. g5 Bh8 42. Bc5 Kd7 43. Bf7 e4 44. Bc4 Ne6 45. Be3 Nd4+ 46. Kc1 Nf5 47. Bd2 e3 48. Bxa5 Nd4 49. Bc3 a3 50. bxa3 Ne2+ 51. Bxe2 Bxc3 52. Kc2 Bh8 53. Kd3 Kc6 54. Kxe3 Kc5 55. Ke4 Kb6 56. Kd5 Ka5 57. Bd1 Kb5 58. Ke6 Bb2 59. Kf7 Kc4 60. g6 Kd3 61. g7 1-0

[Event "CAN-op (Pinnacle 48th CAN Op Ch)"]
[Site "Toronto CAN"]
[Date "2011.07.12"]
[Round "4"]
[White "Posaratnanathan, Juliaan"]
[Black "Fan, Brendan"]
[Result "0-1"]
[WhiteElo "1902"]
[BlackElo "2097"]
[PlyCount "83"]
[GameId "2160767909707190"]
[EventDate "2011.07.09"]
[EventType "swiss"]
[EventRounds "9"]
[EventCountry "CAN"]
[SourceTitle "hb 2011"]

1. e4 c5 2. Nf3 d6 3. d4 cxd4 4. Nxd4 Nf6 5. Nc3 Bd7 6. f3 e5 7. Nb3 Bc6 8. Be3 Be7 9. Qd2 O-O 10. Be2 a5 11. a4 Na6 12. O-O Nb4 13. Nb5 d5 14. c3 Na6 15. exd5 Nxd5 16. Rfd1 Qc8 17. Kh1 b6 18. Bc4 Nxe3 19. Qxe3 Bxf3 20. Bxf7+ Rxf7 21. gxf3 Qf5 22. Rd5 Bg5 23. Qe2 Qxf3+ 24. Qxf3 Rxf3 25. Rxe5 Bf6 26. Re2 Rd8 27. Kg2 Rfd3 28. N3d4 Nc5 29. Kf2 Rd5 30. Re3 Rd2+ 31. Re2 Nd3+ 32. Kf1 Rxe2 33. Kxe2 Nxb2 34. Ra2 Rh5 35. Nf3 Nxa4 36. Rxa4 Rxb5 37. Kd3 Kf7 38. Rc4 Rd5+ 39. Ke4 Rc5 40. Rxc5 bxc5 41. Kd5 Bxc3 42. Kc4 0-1

[Event "CAN-op (Pinnacle 48th CAN Op Ch)"]
[Site "Toronto CAN"]
[Date "2011.07.12"]
[Round "4"]
[White "Purewal, Sardul"]
[Black "Frilles, Ruperto"]
[Result "1/2-1/2"]
[WhiteElo "2004"]
[BlackElo "2105"]
[PlyCount "65"]
[GameId "2160767909707191"]
[EventDate "2011.07.09"]
[EventType "swiss"]
[EventRounds "9"]
[EventCountry "CAN"]
[SourceTitle "hb 2011"]

1. e4 d6 2. d4 g6 3. Nf3 Bg7 4. Be3 Nf6 5. Nc3 c6 6. Bd3 Ng4 7. Bd2 O-O 8. h3 Nf6 9. O-O c5 10. dxc5 dxc5 11. Be3 Qa5 12. Nd2 Nbd7 13. Nc4 Qc7 14. a4 a6 15. f4 e6 16. Qe2 b6 17. f5 Bb7 18. fxe6 fxe6 19. Bf4 e5 20. Bh2 Nh5 21. Ne3 Nf4 22. Bc4+ Kh8 23. Qd2 Nf6 24. Ncd5 N6xd5 25. Bxd5 Rad8 26. c4 Rf6 27. Qc2 Rdf8 28. Rae1 Bh6 29. Bg3 g5 30. Bxf4 Rxf4 31. g3 R4f6 32. Rxf6 Rxf6 33. Rf1 1/2-1/2

[Event "CAN-op (Pinnacle 48th CAN Op Ch)"]
[Site "Toronto CAN"]
[Date "2011.07.12"]
[Round "4"]
[White "Razzaq, Ali"]
[Black "Chidley-Hill, John"]
[Result "0-1"]
[WhiteElo "1967"]
[BlackElo "1787"]
[PlyCount "90"]
[GameId "2160767909707193"]
[EventDate "2011.07.09"]
[EventType "swiss"]
[EventRounds "9"]
[EventCountry "CAN"]

1. d4 Nf6 2. Nf3 d5 3. e3 Bg4 4. h3 Bh5 5. g4 Bg6 6. Ne5 Nfd7 7. Nxg6 hxg6 8. c4 e6 9. Nc3 dxc4 10. Bxc4 Nb6 11. Bb3 c6 12. e4 Bd6 13. Be3 N8d7 14. Qf3 Qe7 15. Kf1 O-O-O 16. a4 Nb8 17. d5 exd5 18. exd5 Bc5 19. dxc6 Nxc6 20. Bxc5 Qxc5 21. Ne4 Qb4 22. Kg2 Kb8 23. Qg3+ Ka8 24. Ng5 Qd2 25. Ne4 Qb4 26. Ng5 Qd2 27. Ne4 Qb4 28. Bc2 f5 29. Ng5 Qd2 30. gxf5 Qxc2 31. Ne6 Rd7 32. Nc7+ Kb8 33. Ne8+ Ka8 34. Nc7+ Rxc7 35. Qxc7 Qxf5 36. Qxg7 Rf8 37. Rhf1 Nd5 38. Ra3 Nf4+ 39. Kh2 Nh5 40. Qc7 Rc8 41. Qd6 Ne5 42. Qd1 Nf4 43. Rg3 Rh8 44. Qb3 Ne2 45. Rg2 Nf3+ 0-1

[Event "CAN-op (Pinnacle 48th CAN Op Ch)"]
[Site "Toronto CAN"]
[Date "2011.07.12"]
[Round "4"]
[White "Sakka, Louay"]
[Black "Pedersen, Rick"]
[Result "0-1"]
[WhiteElo "1643"]
[BlackElo "1985"]
[PlyCount "70"]
[GameId "2160767909707195"]
[EventDate "2011.07.09"]
[EventType "swiss"]
[EventRounds "9"]
[EventCountry "CAN"]
[SourceTitle "hb 2011"]

1. e4 d6 2. Nc3 Nf6 3. Bc4 g6 4. f4 Bg7 5. d3 c5 6. Nf3 Nc6 7. Be3 a6 8. h3 e6 9. a3 O-O 10. Ne2 b5 11. Ba2 Qe7 12. c3 Bb7 13. Qc2 Rac8 14. O-O Nd7 15. Rad1 d5 16. Bf2 dxe4 17. dxe4 c4 18. Bg3 Nc5 19. f5 Nd3 20. Ne1 Nce5 21. Bxe5 Nxe5 22. Ng3 exf5 23. exf5 Rcd8 24. Rxd8 Rxd8 25. Qf2 Bh6 26. f6 Qe6 27. Kh2 Be3 28. Qe2 Rd2 29. Qxe3 Ng4+ 30. hxg4 Qxe3 31. Bb1 Rf2 32. Rg1 Qh6+ 33. Nh5 gxh5 34. Kg3 Qf4+ 35. Kh4 Qxg4# 0-1

[Event "CAN-op (Pinnacle 48th CAN Op Ch)"]
[Site "Toronto CAN"]
[Date "2011.07.12"]
[Round "4"]
[White "Serbanescu, Natasa"]
[Black "Roller, Robert"]
[Result "1/2-1/2"]
[WhiteElo "1829"]
[BlackElo "2057"]
[PlyCount "120"]
[GameId "2160767909707197"]
[EventDate "2011.07.09"]
[EventType "swiss"]
[EventRounds "9"]
[EventCountry "CAN"]
[SourceTitle "CBM 143 Extra"]
[Source "ChessBase"]
[SourceDate "2011.08.29"]
[SourceVersion "1"]
[SourceVersionDate "2011.08.29"]
[SourceQuality "1"]

1. e4 e6 2. d4 d5 3. exd5 exd5 4. Nf3 Nc6 5. h3 Bd6 6. Bd3 Nge7 7. O-O Bf5 8. Bxf5 Nxf5 9. Re1+ Nfe7 10. c4 dxc4 11. Nc3 O-O 12. Bg5 f6 13. Bh4 Nf5 14. Qa4 Ncxd4 15. Qxc4+ Kh8 16. Nxd4 Nxd4 17. Rad1 c5 18. Ne4 b6 19. Nxd6 Qxd6 20. Bg3 Qd7 21. b4 Rac8 22. bxc5 bxc5 23. f3 Rfd8 24. Bf2 h6 25. Kh1 Rc6 26. Rd3 Qd5 27. Qxd5 Rxd5 28. Rc1 Ra6 29. a3 Ra4 30. Kh2 Re5 31. Bxd4 cxd4 32. Rcd1 Rd5 33. f4 f5 34. Kg3 Kg8 35. Kf3 Kf7 36. g4 g6 37. Rb1 Ke7 38. Rb7+ Rd7 39. Rb5 Kf6 40. Rc5 Rd6 41. Rc8 Re6 42. Rh8 Re3+ 43. Rxe3 dxe3 44. Rxh6 Rxa3 45. Rh8 a5 46. gxf5 Kxf5 47. Rf8+ Ke6 48. h4 a4 49. Re8+ Kf6 50. Ra8 Kg7 51. Ra6 Kf7 52. Ra7+ Ke6 53. Ra6+ Kf7 54. Ra7+ Kf6 55. Ra6+ Kg7 56. Ra7+ Kh6 57. Ra8 Kg7 58. Ra7+ Kh6 59. Ra8 Kh7 60. Ra7+ Kh6 1/2-1/2

[Event "CAN-op (Pinnacle 48th CAN Op Ch)"]
[Site "Toronto CAN"]
[Date "2011.07.12"]
[Round "4"]
[White "Southam, David"]
[Black "Strugach, Leonid"]
[Result "0-1"]
[WhiteElo "2124"]
[BlackElo "2324"]
[PlyCount "96"]
[GameId "2160767909707199"]
[EventDate "2011.07.09"]
[EventType "swiss"]
[EventRounds "9"]
[EventCountry "CAN"]
[SourceTitle "hb 2011"]

1. d4 Nf6 2. c4 e6 3. Nc3 Bb4 4. e3 O-O 5. Nge2 b6 6. a3 Bxc3+ 7. Nxc3 Bb7 8. d5 e5 9. e4 Ne8 10. Be3 d6 11. Bd3 c5 12. O-O Bc8 13. g3 g6 14. f4 exf4 15. gxf4 Qe7 16. Qf3 f6 17. Rae1 Nd7 18. Bf2 Ng7 19. Bc2 Ba6 20. Bd3 Rae8 21. b4 Qf7 22. bxc5 bxc5 23. Nb5 Bxb5 24. cxb5 Re7 25. Bg3 Nh5 26. a4 Nxg3 27. hxg3 Rc8 28. Bc4 Nb6 29. Qb3 Qe8 30. a5 Nxc4 31. Qxc4 Rb8 32. e5 fxe5 33. fxe5 Rxe5 34. Rxe5 Qxe5 35. Rf3 Qe1+ 36. Kg2 Qxa5 37. Qf4 Qa2+ 38. Kh3 Qxd5 39. Qf6 Re8 40. g4 Qe6 41. Qf4 h5 42. Rg3 hxg4+ 43. Rxg4 Qe3+ 44. Qxe3 Rxe3+ 45. Kh4 Kf7 46. Rf4+ Ke6 47. Ra4 Kf5 48. Rg4 Re4 0-1

[Event "CAN-op (Pinnacle 48th CAN Op Ch)"]
[Site "Toronto CAN"]
[Date "2011.07.12"]
[Round "4"]
[White "Tot, Nandor"]
[Black "Henry, Liam"]
[Result "0-1"]
[WhiteElo "2047"]
[BlackElo "2150"]
[PlyCount "66"]
[GameId "2160767909707200"]
[EventDate "2011.07.09"]
[EventType "swiss"]
[EventRounds "9"]
[EventCountry "CAN"]
[SourceTitle "CBM 143 Extra"]
[Source "ChessBase"]
[SourceDate "2011.08.29"]
[SourceVersion "1"]
[SourceVersionDate "2011.08.29"]
[SourceQuality "1"]

1. Nf3 Nf6 2. d4 g6 3. Bf4 Bg7 4. h3 O-O 5. e3 d6 6. Be2 Nfd7 7. O-O e5 8. Bh2 e4 9. Nfd2 f5 10. c4 Nf6 11. Nc3 g5 12. f3 exf3 13. Bxf3 Qe7 14. Re1 Nc6 15. Nd5 Qf7 16. Rf1 Kh8 17. Rc1 Bh6 18. Qb3 Qg7 19. c5 g4 20. hxg4 fxg4 21. Be4 g3 22. Bxg3 Qxg3 23. Rf3 Qg5 24. Nxc7 Bg4 25. Bxc6 Bxf3 26. Bxf3 Qxe3+ 27. Qxe3 Bxe3+ 28. Kh1 Bxd2 29. Rc2 Rac8 30. cxd6 Bf4 31. Bxb7 Bxd6 32. Bxc8 Rxc8 33. Rc6 Ne8 0-1

[Event "CAN-op (Pinnacle 48th CAN Op Ch)"]
[Site "Toronto CAN"]
[Date "2011.07.12"]
[Round "4"]
[White "Ugodnikov, Arkadiy"]
[Black "Florea, Alexandru"]
[Result "0-1"]
[WhiteElo "1818"]
[BlackElo "2065"]
[PlyCount "106"]
[GameId "2160767909707201"]
[EventDate "2011.07.09"]
[EventType "swiss"]
[EventRounds "9"]
[EventCountry "CAN"]
[SourceTitle "hb 2011"]

1. e4 c5 2. Nf3 d6 3. Bb5+ Bd7 4. Bxd7+ Qxd7 5. c4 Nc6 6. Nc3 g6 7. d4 cxd4 8. Nxd4 Bg7 9. Be3 Nf6 10. f3 O-O 11. O-O Rfc8 12. b3 Rab8 13. Rc1 a6 14. a4 b6 15. Qd2 Na5 16. Rb1 Nb7 17. Bh6 Bh8 18. Nd5 Nc5 19. Bg5 Nfxe4 20. fxe4 Nxe4 21. Qe3 Bxd4 22. Qxd4 Nxg5 23. Nxb6 Rxb6 24. Qxb6 Rc6 25. Qe3 Rc5 26. Rbe1 Re5 27. Qd4 Ne6 28. Qd2 Rc5 29. Qd3 a5 30. Qf3 f6 31. Qe4 Re5 32. Qg4 Qa7+ 33. Kh1 Kf7 34. Rxe5 dxe5 35. Qg3 Qd4 36. Re1 e4 37. Qh4 Ng5 38. Qg3 Ne6 39. h4 h5 40. Qe3 Qxe3 41. Rxe3 Nc5 42. Kg1 f5 43. g3 Ke6 44. Re1 Nd3 45. Rb1 Kd6 46. Kf1 Kc5 47. Ke2 Kd4 48. Rd1 e5 49. Rd2 f4 50. gxf4 exf4 51. c5 f3+ 52. Kf1 e3 53. Rxd3+ Kxd3 0-1

[Event "CAN-op (Pinnacle 48th CAN Op Ch)"]
[Site "Toronto CAN"]
[Date "2011.07.12"]
[Round "4"]
[White "Wang, Jesse BJ"]
[Black "Melekhina, Alisa"]
[Result "1/2-1/2"]
[WhiteElo "1998"]
[BlackElo "2262"]
[PlyCount "88"]
[GameId "2160767909707202"]
[EventDate "2011.07.09"]
[EventType "swiss"]
[EventRounds "9"]
[EventCountry "CAN"]
[SourceTitle "hb 2011"]

1. e4 Nf6 2. e5 Nd5 3. Nc3 Nxc3 4. dxc3 d5 5. Nf3 Bg4 6. h3 Bh5 7. g4 Bg6 8. Nh4 e6 9. Nxg6 hxg6 10. Bf4 c5 11. c4 Nc6 12. cxd5 exd5 13. Bg2 g5 14. Bg3 Qa5+ 15. c3 d4 16. O-O dxc3 17. Qb3 Qb6 18. bxc3 Qxb3 19. axb3 Be7 20. Rfd1 Rh6 21. Rd5 a6 22. Rad1 Rd8 23. f4 gxf4 24. Bxf4 g5 25. Bg3 Rxd5 26. Rxd5 Na5 27. Rd1 Nxb3 28. Bxb7 Rxh3 29. Kg2 Rh6 30. Bd5 Na5 31. Ra1 Bd8 32. Rf1 f6 33. exf6 Bxf6 34. Bc7 Bxc3 35. Rc1 Bb4 36. Bxa5 Bxa5 37. Rxc5 Bb4 38. Rc6 Rh4 39. Rxa6 Rxg4+ 40. Kh3 Rh4+ 41. Kg2 Ke7 42. Re6+ Kd7 43. Re4 Kd6 44. Rxh4 gxh4 1/2-1/2

[Event "CAN-op (Pinnacle 48th CAN Op Ch)"]
[Site "Toronto CAN"]
[Date "2011.07.12"]
[Round "4"]
[White "Wiebe, Daniel"]
[Black "McTavish, Dale"]
[Result "0-1"]
[WhiteElo "1938"]
[BlackElo "2205"]
[PlyCount "122"]
[GameId "2160767909707204"]
[EventDate "2011.07.09"]
[EventType "swiss"]
[EventRounds "9"]
[EventCountry "CAN"]
[SourceTitle "hb 2011"]

1. e4 c5 2. Nf3 d6 3. d4 cxd4 4. Nxd4 Nf6 5. Nc3 Nc6 6. Bc4 e6 7. Bb3 Be7 8. O-O a6 9. Bg5 O-O 10. Kh1 Bd7 11. f4 Rc8 12. Nf3 Qc7 13. Qe1 h6 14. Bh4 Nh7 15. Rd1 Rfd8 16. g4 Be8 17. Qg3 Na5 18. g5 hxg5 19. Nxg5 Nxg5 20. Bxg5 Bxg5 21. Qxg5 Nxb3 22. axb3 b5 23. Rd2 b4 24. Ne2 Bc6 25. Ng3 f5 26. Qg6 Qf7 27. Qxf7+ Kxf7 28. Re1 a5 29. Kg2 Kg6 30. Kf2 fxe4 31. Nxe4 Bxe4 32. Rxe4 Kf5 33. Rde2 Re8 34. Kf3 Rc5 35. Rd4 d5 36. Re5+ Kf6 37. Rd2 Rh8 38. Rde2 Rc6 39. Rg2 Rh3+ 40. Kg4 Rh6 41. Kf3 Rg6 42. Rxg6+ Kxg6 43. Re2 Kf5 44. Re5+ Kf6 45. Re2 g5 46. fxg5+ Kxg5 47. Ke3 e5 48. Rf2 Rh6 49. Kd2 Rh3 50. c3 e4 51. Re2 Rf3 52. Re3 Rf4 53. Rg3+ Kf5 54. Ke2 Rh4 55. Rg2 Rh3 56. Kd2 Rd3+ 57. Kc2 Rf3 58. Kd2 Kf4 59. Re2 Rf1 60. Re1 Rf2+ 61. Re2 Kf3 0-1

[Event "CAN-op (Pinnacle 48th CAN Op Ch)"]
[Site "Toronto CAN"]
[Date "2011.07.12"]
[Round "4"]
[White "Willis, Bradley"]
[Black "Pitre, Hanniegn"]
[Result "1-0"]
[WhiteElo "2094"]
[BlackElo "1907"]
[PlyCount "79"]
[GameId "2160767909707205"]
[EventDate "2011.07.09"]
[EventType "swiss"]
[EventRounds "9"]
[EventCountry "CAN"]
[SourceTitle "EXT 2022"]
[Source "ChessBase"]
[SourceDate "2021.10.06"]
[SourceVersion "1"]
[SourceVersionDate "2021.10.06"]
[SourceQuality "1"]

1. e4 c6 2. d4 d5 3. exd5 cxd5 4. c4 Nf6 5. Nc3 e6 6. Nf3 Bb4 7. a3 Bxc3+ 8. bxc3 Nc6 9. Bd3 Qa5 10. Bb2 O-O 11. O-O Ne4 12. Re1 f5 13. Qb3 Kh8 14. Rad1 Qd8 15. Ne5 Nxe5 16. dxe5 b5 17. cxb5 Qb6 18. Re2 a6 19. Qb4 Nc5 20. c4 a5 21. Qc3 Bb7 22. Qd4 Rad8 23. Red2 dxc4 24. Qxc4 Bd5 25. Qc3 Na4 26. Qd4 Qxd4 27. Bxd4 Bxg2 28. Bc2 Bf3 29. Bxa4 f4 30. Bc2 Bxd1 31. Rxd1 f3 32. Be3 Rc8 33. Be4 g5 34. Bc6 Rf5 35. Bd7 Rd8 36. Bb6 Rxd7 37. Rxd7 Rf4 38. Rd4 Rf5 39. Bc7 Kg8 40. b6 1-0

[Event "CAN-op (Pinnacle 48th CAN Op Ch)"]
[Site "Toronto CAN"]
[Date "2011.07.12"]
[Round "4"]
[White "Wu, Kevin"]
[Black "Kalaydina, Regina Veronicka"]
[Result "1-0"]
[WhiteElo "2105"]
[BlackElo "1890"]
[PlyCount "49"]
[GameId "2160767909707206"]
[EventDate "2011.07.09"]
[EventType "swiss"]
[EventRounds "9"]
[EventCountry "CAN"]
[SourceTitle "hb 2011"]

1. e4 c5 2. Nf3 e6 3. d4 cxd4 4. Nxd4 Nf6 5. Nc3 d6 6. g4 h6 7. h4 Nc6 8. Rg1 d5 9. exd5 Nxd5 10. Nxd5 exd5 11. Bb5 Bd7 12. g5 hxg5 13. Bxg5 Be7 14. Qd3 Bxg5 15. hxg5 Qe7+ 16. Kd1 O-O-O 17. Bxc6 Bxc6 18. Nxc6 bxc6 19. Qc3 Qc7 20. Qxg7 Qh2 21. Rf1 Qh5+ 22. Kc1 Qe2 23. Rd1 Qxf2 24. Qc3 Rd6 25. Qxh8+ 1-0

[Event "CAN-op (Pinnacle 48th CAN Op Ch)"]
[Site "Toronto CAN"]
[Date "2011.07.12"]
[Round "4"]
[White "Ye, Stephen"]
[Black "Caire, Francois"]
[Result "0-1"]
[WhiteElo "1710"]
[BlackElo "2104"]
[PlyCount "61"]
[GameId "2160767909707207"]
[EventDate "2011.07.09"]
[EventType "swiss"]
[EventRounds "9"]
[EventCountry "CAN"]
[SourceTitle "hb 2011"]

1. e4 d5 2. exd5 Nf6 3. d4 Bg4 4. Be2 Bxe2 5. Nxe2 Qxd5 6. O-O Nc6 7. Nbc3 Qf5 8. Ng3 Qd7 9. Be3 O-O-O 10. Nce2 h5 11. c3 h4 12. Nh1 h3 13. g3 Ng4 14. b4 Nce5 15. Nf4 Qa4 16. Qe2 Nxe3 17. fxe3 Nd7 18. Rab1 e5 19. Nd3 exd4 20. exd4 Nf6 21. Nc5 Bxc5 22. bxc5 Rhe8 23. Qf3 Rd5 24. Nf2 Qxa2 25. Nxh3 Rh8 26. Nf2 Qc2 27. Rfc1 Qh7 28. h4 c6 29. Rb2 Re8 30. Rcb1 Re7 31. Nd3 0-1

[Event "CAN-op (Pinnacle 48th CAN Op Ch)"]
[Site "Toronto CAN"]
[Date "2011.07.12"]
[Round "4"]
[White "Yoos, John"]
[Black "Lacau Rodean, Iulia"]
[Result "1-0"]
[WhiteElo "2439"]
[BlackElo "2091"]
[PlyCount "121"]
[GameId "2160767909707209"]
[EventDate "2011.07.09"]
[EventType "swiss"]
[EventRounds "9"]
[EventCountry "CAN"]
[SourceTitle "EXT 2022"]
[Source "ChessBase"]
[SourceDate "2021.10.06"]
[SourceVersion "1"]
[SourceVersionDate "2021.10.06"]
[SourceQuality "1"]

1. e4 c5 2. Nf3 d6 3. d4 cxd4 4. Nxd4 Nf6 5. Nc3 a6 6. Bg5 e6 7. f4 Be7 8. Qf3 Nbd7 9. O-O-O Qc7 10. Qg3 b5 11. Bxf6 gxf6 12. Qg7 Rf8 13. f5 b4 14. Nce2 e5 15. Nb3 Bb7 16. Ng3 a5 17. Kb1 a4 18. Nd2 Nc5 19. Qg4 b3 20. cxb3 axb3 21. Nxb3 Nxb3 22. axb3 Qa5 23. Bc4 Ba6 24. Rd5 Qb4 25. Qe2 Bxc4 26. Qxc4 Rb8 27. Rhd1 Qxc4 28. bxc4 Rb4 29. Rc1 Kd7 30. c5 Rfb8 31. Rc2 R8b5 32. Rcd2 Rc4 33. cxd6 Rxd5 34. Rxd5 Bxd6 35. b3 Rb4 36. Kc2 Kc6 37. Kc3 Rb5 38. Rxb5 Kxb5 39. Nf1 Bb4+ 40. Kd3 Bc5 41. Nd2 Kb4 42. Kc2 Be3 43. Nc4 Bc5 44. Nb2 Bd4 45. Nd3+ Kb5 46. Nc1 Bb6 47. Ne2 Bd8 48. Kc3 Ba5+ 49. Kd3 Kb4 50. Kc2 Kc5 51. Kd3 Kb4 52. Nc1 Bc7 53. g4 Bb6 54. Kc2 Ba5 55. Na2+ Kc5 56. Kd3 Bd8 57. b4+ Kb5 58. Kc3 Bb6 59. Kb3 Bd8 60. Nc3+ Kc6 61. Kc4 1-0

[Event "CAN-op (Pinnacle 48th CAN Op Ch)"]
[Site "Toronto CAN"]
[Date "2011.07.12"]
[Round "4"]
[White "Zenyuk, Iryna"]
[Black "Reshef, Omer"]
[Result "1-0"]
[WhiteElo "2222"]
[BlackElo "2145"]
[PlyCount "101"]
[GameId "2160767909707210"]
[EventDate "2011.07.09"]
[EventType "swiss"]
[EventRounds "9"]
[EventCountry "CAN"]
[SourceTitle "CBM 143 Extra"]
[Source "ChessBase"]
[SourceDate "2011.08.29"]
[SourceVersion "1"]
[SourceVersionDate "2011.08.29"]
[SourceQuality "1"]

1. d4 d5 2. c4 c6 3. Nc3 Nf6 4. e3 g6 5. Nf3 Bg7 6. h3 O-O 7. Bd3 a6 8. O-O dxc4 9. Bxc4 b5 10. Bd3 c5 11. dxc5 Nbd7 12. b4 Nd5 13. Nxd5 Bxa1 14. Be4 Ra7 15. Nd4 Bxd4 16. exd4 Bb7 17. Bg5 Bxd5 18. Bxd5 Nf6 19. Bb3 Nd5 20. Qf3 Rd7 21. Bxd5 Rxd5 22. Bxe7 Qxe7 23. Qxd5 Rd8 24. Qe5 Qxe5 25. dxe5 Kf8 26. Rc1 Ke7 27. c6 Rc8 28. f4 Kd8 29. Kf2 Kc7 30. Ke3 Ra8 31. Kd4 Rd8+ 32. Ke3 Ra8 33. a3 a5 34. Kd4 axb4 35. axb4 Ra6 36. g4 h6 37. h4 Ra2 38. Kc5 Rf2 39. Kxb5 Rxf4 40. Rd1 Rxg4 41. Rd7+ Kc8 42. Rxf7 Re4 43. Rg7 g5 44. hxg5 hxg5 45. Rxg5 Rd4 46. Kc5 Rd8 47. b5 Kb8 48. b6 Re8 49. Rh5 Kc8 50. e6 Kb8 51. Rh7 1-0

[Event "CAN-op (Pinnacle 48th CAN Op Ch)"]
[Site "Toronto CAN"]
[Date "2011.07.12"]
[Round "4"]
[White "Zhao, Yue Tong (Davy)"]
[Black "Coleman, Mike"]
[Result "0-1"]
[WhiteElo "1512"]
[BlackElo "2162"]
[PlyCount "76"]
[GameId "2160767909707212"]
[EventDate "2011.07.09"]
[EventType "swiss"]
[EventRounds "9"]
[EventCountry "CAN"]
[SourceTitle "hb 2011"]

1. e4 c5 2. Nf3 d6 3. d4 cxd4 4. Nxd4 Nf6 5. Nc3 g6 6. Be3 Bg7 7. f3 O-O 8. Qd2 Nc6 9. O-O-O d5 10. exd5 Nxd5 11. Nxc6 bxc6 12. Bd4 e5 13. Bc5 Be6 14. Ne4 Rb8 15. g3 f5 16. Ng5 e4 17. c3 Nxc3 18. bxc3 Qa5 19. Bb4 Rxb4 20. cxb4 Qa3+ 21. Kb1 e3 22. Nxe6 exd2 23. Nxg7 Qxb4+ 24. Kc2 Qa4+ 25. Kxd2 Qxa2+ 26. Ke3 Kxg7 27. Bh3 Re8+ 28. Kd3 Qe2+ 29. Kc3 Re3+ 30. Kd4 Qxf3 31. Rhf1 Qe4+ 32. Kc5 Qe5+ 33. Kxc6 Rc3+ 34. Kb7 Qc7+ 35. Ka8 Qc8+ 36. Kxa7 Ra3+ 37. Kb6 Rb3+ 38. Ka5 Qa8# 0-1